Tipos de distribución isobárica y de tiempo en el Golfo de Vizcaya / (Record no. 115687)

MARC details
000 -LEADER
campo de control de longitud fija 00891nam a2200241 i 4500
001 - NÚMERO DE CONTROL
campo de control 115687
003 - IDENTIFICADOR DE NÚMERO DE CONTROL
campo de control ES-MaACL
005 - FECHA Y HORA DE LA ÚLTIMA TRANSACCIÓN
campo de control 20250826085547.0
007 - CAMPO FIJO DE DESCRIPCIÓN FÍSICA--INFORMACIÓN GENERAL
campo de control de longitud fija t|
008 - DATOS DE LONGITUD FIJA--INFORMACIÓN GENERAL
campo de control de longitud fija 070427s1929 sp a |||| | spa d
080 ## - NÚMERO DE LA CLASIFICACIÓN DECIMAL UNIVERSAL
Número de la Clasificación Decimal Universal 551.54(261.28)
100 1# - ENTRADA PRINCIPAL--NOMBRE DE PERSONA
Nombre de persona Doporto, Mariano.
9 (RLIN) 45364
245 10 - MENCIÓN DEL TÍTULO
Título Tipos de distribución isobárica y de tiempo en el Golfo de Vizcaya /
Mención de responsabilidad, etc. por Mariano Doporto.
260 ## - PUBLICACIÓN, DISTRIBUCIÓN, ETC.
Lugar de publicación, distribución, etc. San Sebastián :
Nombre del editor, distribuidor, etc. Diputación de Guipúzcoa,
Fecha de publicación, distribución, etc. 1929.
300 ## - DESCRIPCIÓN FÍSICA
Extensión 1 v. (40, [1] h. pleg.) :
Otras características físicas il. ;
Dimensiones 22 cm.
490 1# - MENCIÓN DE SERIE
Mención de serie Trabajos del Obsevatorio de Igueldo ;
Designación de volumen o secuencia 4
505 8# - NOTA DE CONTENIDO CON FORMATO
Nota de contenido con formato Contiene: 1 ;
Título Introducción y generalidades
650 14 - PUNTO DE ACCESO ADICIONAL DE MATERIA--TÉRMINO DE MATERIA
Término de materia o nombre geográfico como elemento de entrada Presión atmosférica-
Subdivisión geográfica Vizcaya (Golfo)
9 (RLIN) 16384
710 1# - ENTRADA AGREGADA--NOMBRE DE ENTIDAD CORPORATIVA
Nombre de entidad corporativa o nombre de jurisdicción como elemento de entrada Guipúzcoa.
Unidad subordinada Diputación Provincial.
9 (RLIN) 4555
830 00 - PUNTO DE ACCESO ADICIONAL DE SERIE-TÍTULO UNIFORME
Título uniforme Trabajos del Observatorio de Igueldo
Designación de volumen o secuencia 4
9 (RLIN) 186356
852 ## - LOCALIZACIÓN
Ubicación ES-MaACL
Número de control de estantería 1727-F-9 bis
Holdings
Estatus retirado Estado de pérdida Estado de daño No para préstamo Colección Biblioteca de origen Biblioteca actual Ubicación en estantería Fecha de adquisición Fuente de adquisición Total de préstamos Signatura topográfica completa Código de barras Visto por última vez Precio de reemplazo Tipo de ítem Koha
        Colección de folletos Biblioteca del Ateneo de Madrid Biblioteca del Ateneo de Madrid Depósito folletos 17/01/2008     1727-F-9 bis 1120643 23/02/2023 23/02/2023 Folleto